000 00560nam a22001937a 4500
003 KOHA_MİRAKIL
005 20251127083810.0
008 251127b tu ||||| |||| 00| 0 tur d
020 _a9789752482029
040 _aTR-AnABB
_btur
_cTR-AnABB
041 _atur
082 _a813.42
_bKIL 2018
100 1 _aKılıçarslan, İsmail,
245 1 0 _aBöyle şeyler filmlerde olur /
_cİsmail Kılıçarslan
260 _aİstanbul :
_bKetebe Yayınları,
_c2018
300 _a135 sayfa ;
_c21 cm
650 0 4 _aTürk edebiyatı, roman
942 _2ddc
_cBK
999 _c9653
_d9653
900 _bGizem YORULMAZ